Представление документа в формате RUSMARC

ПолеНазваниеЗначение
  Тип записи a
  Библиографический уровень a
001 Контрольный номер 6df2628d6d49477dbb9309e55230fe5c
005 Дата корректировки 20250820133135.5
100 Данные общей обработки __
a Данные общей обработки 20250820 ||| 0rusy0189 ca
101 Язык документа 0_
a Язык текста rus
102 Страна публикации __
a Страна публикации RU
200 Заглавие и сведения об ответственности 1_
a Заглавие Младшая сестра
e Сведения, относящиеся к заглавию рассказ
f Первые сведения об ответственности С. Сорока
333 Примечание о целевом назначении __
a Примечание о целевом назначении 6+
461 Уровень набора _0
1 2000
a Мурзилка
463 Уровень физической единицы _0
1 2000
b Текст
a № 8
v С. 2-5 : ил.
1 2101
d 2025
1 001aa628d7fe391426ea2635c16a4462261
606 Тематические рубрики 0_
a Основная рубрика Русская литература - 21 в.
610 Ключевые слова 0_
a Ключевые слова русская литература, современная литература, рассказы, рассказы о дружбе, рассказы о детях, дети (х. л.), рассказы о семье, рассказы о жадности, жадность (х. л.), братья (х. л.), сёстры (х. л.)
686 Индексы других классификаций __
a Классификационный индекс Р2
700 Автор _1
a Фамилия Сорока
b Имя (инициалы) С.
g Полное личное имя Светлана
801 Источник записи _0
a Страна RU
b Организация УОБДЮ
c Дата составления 20250820
g Правила каталогизации RCR
801 Источник записи _1
a Страна RU
b Организация УОБДЮ
c Дата составления 20250820
g Правила каталогизации RCR
901 Тип документа __
t Тип документа b
w Контрольный № источника aa628d7fe391426ea2635c16a4462261
905 Данные по созданию БЗ __
b Логин пользователя, который создал БЗ ibo10